Estadísticas para Países que hablan alemán

Haz click aquí para tomar la prueba!

Estadísticas generales

  • Esta prueba ha sido tomada 2,159 veces
  • La puntuación promedio es 5 de 6

Estadísticas de respuestas

% de hablantes nativos País % Correcto
92%Alemania
99%
93%Austria
90%
65%Suiza
89%
86%Liechtenstein
68%
0.6%Bélgica
68%
2%Luxemburgo
66%

Distribución de puntuación

Porcentaje por número respondido

Porcentaje de gente con cada puntuación

Historial de tus puntuaciones

No has tomado esta prueba